The disciple-making pastor : (Record no. 2028)
[ view plain ]
| 000 -LEADER | |
|---|---|
| fixed length control field | 02458cam a22003134a 4500 |
| 001 - CONTROL NUMBER | |
| control field | 14809198 |
| 003 - CONTROL NUMBER IDENTIFIER | |
| control field | GBCCL |
| 005 - DATE AND TIME OF LATEST TRANSACTION | |
| control field | 20241126110415.0 |
| 008 - FIXED-LENGTH DATA ELEMENTS--GENERAL INFORMATION | |
| fixed length control field | 070416s2007 miu b 000 0 eng |
| 010 ## - | |
| -- | 2007015770 |
| 020 ## - INTERNATIONAL STANDARD BOOK NUMBER | |
| International Standard Book Number | 9780801066221 (pbk.) |
| 020 ## - INTERNATIONAL STANDARD BOOK NUMBER | |
| International Standard Book Number | 0801066220 (pbk.) |
| 040 ## - CATALOGING SOURCE | |
| Original cataloging agency | DLC |
| Transcribing agency | DLC |
| Modifying agency | DLC |
| 050 00 - | |
| -- | BV652.25 |
| -- | .H83 2007 |
| 082 00 - DEWEY DECIMAL CLASSIFICATION NUMBER | |
| Classification number | 253 |
| Edition information | 22 |
| Item number | HUL |
| 100 1# - MAIN ENTRY--PERSONAL NAME | |
| Personal name | Hull, Bill, |
| Dates associated with a name | 1946- |
| 9 (RLIN) | 4173 |
| 245 14 - TITLE STATEMENT | |
| Title | The disciple-making pastor : |
| Remainder of title | leading others on the journey of faith / |
| Statement of responsibility, etc. | Bill Hull. |
| 250 ## - EDITION STATEMENT | |
| Edition statement | Rev. and expanded ed. |
| 260 ## - PUBLICATION, DISTRIBUTION, ETC. | |
| Place of publication, distribution, etc. | Grand Rapids, MI : |
| Name of publisher, distributor, etc. | Baker Books, |
| Date of publication, distribution, etc. | c2007. |
| 300 ## - PHYSICAL DESCRIPTION | |
| Extent | 317 p. ; |
| Dimensions | 21 cm. |
| 504 ## - BIBLIOGRAPHY, ETC. NOTE | |
| Bibliography, etc. note | Includes bibliographical references (p. 315-317). |
| 505 0# - FORMATTED CONTENTS NOTE | |
| Formatted contents note | Foreword / by Robert Coleman -- Introduction: The crisis at the heart -- The need -- The church today is in crisis : what does it need, and how do pastors -- Perceive that need? -- The conflict -- Before a pastor can make disciples, he needs to count the cost -- Forces militate against discipleship, and he needs to be prepared for -- Them -- The product -- What are the biblical foundations of disciple making, and what does a -- Disciple look like? -- The role of a disciple-making pastor -- How does scripture define the role of pastor? what does he do? -- The understanding of a disciple-making pastor -- He sees the big picture of the church in the redemptive drama as a result, the pastor also understands the model, means, method, and motive of making Christ known -- The commitment of a disciple-making pastor -- He not only talks about discipleship but has committed himself to -- Making it a reality in his church -- The practices of a disciple-making pastor -- He follows four practices that build up the church to take an active -- Part in disciple making -- The pastor as coach -- Jesus modeled a six-step teaching method the disciple-making pastor -- Can follow to encourage the church to fulfill the great commission -- Making it work in the local church -- Practical vehicles that will help pastors make disciple making a part of their churches are outlined and explained. |
| 650 #0 - SUBJECT ADDED ENTRY--TOPICAL TERM | |
| Topical term or geographic name entry element | Church growth. |
| 9 (RLIN) | 291 |
| 650 #0 - SUBJECT ADDED ENTRY--TOPICAL TERM | |
| Topical term or geographic name entry element | Pastoral theology. |
| 9 (RLIN) | 414 |
| 650 #0 - SUBJECT ADDED ENTRY--TOPICAL TERM | |
| Topical term or geographic name entry element | Clergy |
| General subdivision | Office. |
| 9 (RLIN) | 299 |
| 906 ## - LOCAL DATA ELEMENT F, LDF (RLIN) | |
| a | 7 |
| b | cbc |
| c | orignew |
| d | 1 |
| e | ecip |
| f | 20 |
| g | y-gencatlg |
| 942 ## - ADDED ENTRY ELEMENTS (KOHA) | |
| Source of classification or shelving scheme | Dewey Decimal Classification |
| Koha item type | Books |
| Koha issues (borrowed), all copies | 7 |
| Withdrawn status | Lost status | Source of classification or shelving scheme | Damaged status | Not for loan | Home library | Current Library | Shelving location | Date acquired | Total checkouts | Full call number | Barcode | Date last seen | Date last checked out | Copy number | Price effective from | Koha item type |
|---|---|---|---|---|---|---|---|---|---|---|---|---|---|---|---|---|
| Dewey Decimal Classification | GRACE BIBLE COLLEGE | GRACE BIBLE COLLEGE | Ministry & Mission | 2017-06-09 | 2 | 253 HUL | 010344 | 2025-05-01 | 2022-08-22 | c.1 | 2017-06-09 | Books | ||||
| Dewey Decimal Classification | GRACE BIBLE COLLEGE | GRACE BIBLE COLLEGE | Ministry & Mission | 2017-06-09 | 5 | 253 HUL | 010345 | 2025-05-01 | 2022-08-29 | c.2 | 2017-06-09 | Books |